Countries Without the Letters in "FIJI" - Statistics

General Stats
  • This quiz has been taken 37 times
    12 since last reset
  • The average score is 61 of 74
Answer Stats
Continents Countries % Correct
Europe Greece
100%
Europe Hungary
100%
Oceania New Zealand
100%
Asia Oman
100%
South America Paraguay
100%
Europe Poland
100%
Europe Portugal
100%
South America Uruguay
100%
Asia Yemen
100%
North America Canada
91%
North America Cuba
91%
Europe Denmark
91%
Africa Egypt
91%
Africa Ghana
91%
Asia Kazakhstan
91%
Africa Kenya
91%
Africa Lesotho
91%
Europe Luxembourg
91%
Europe Malta
91%
Asia North Korea
91%
Europe Norway
91%
South America Peru
91%
Asia Qatar
91%
Oceania Samoa
91%
Asia South Korea
91%
Africa Sudan
91%
Europe Sweden
91%
Oceania Tonga
91%
Oceania Tuvalu
91%
Europe Andorra
82%
North America Barbados
82%
Asia Bhutan
82%
Africa Chad
82%
Europe Germany
82%
North America Guatemala
82%
South America Guyana
82%
Asia Kyrgyzstan
82%
Asia Laos
82%
Europe Monaco
82%
Africa Morocco
82%
Asia Myanmar
82%
Oceania Nauru
82%
Asia Nepal
82%
Europe Netherlands
82%
Oceania Palau
82%
North America Panama
82%
Africa South Sudan
82%
Africa Togo
82%
Asia Turkey
82%
Africa Uganda
82%
Oceania Vanuatu
82%
South America Venezuela
82%
North America Bahamas
73%
Europe Belarus
73%
Africa Cameroon
73%
Africa Cape Verde
73%
Asia Cyprus
73%
South America Ecuador
73%
North America El Salvador
73%
Africa Gabon
73%
North America Grenada
73%
North America Honduras
73%
Europe Kosovo
73%
Asia Lebanon
73%
Africa Madagascar
73%
Europe Moldova
73%
Europe Montenegro
73%
Africa Senegal
73%
Africa Seychelles
73%
Africa Angola
64%
Africa Botswana
64%
Africa Comoros
64%
Asia Bangladesh
55%
Africa Rwanda
55%
No matching quizzes found
Score Distribution
Percent of People with Each Score
Percentile by Number Answered
Your Score History
You have not taken this quiz since the last reset